[Event "M.Botvinnik Memorial 2012 Blitz"]
[Site "St. Petersburg"]
[Date "2012.08.24"]
[Round "7.1"]
[White "Kovalenko, Igor"]
[Black "Alekseev, Evgeny"]
[Result "0-1"]
[LiveChessVersion "1.3.1"]
[BlackElo "2639"]
[WhiteElo "2650"]

1. d4 {[%clk 0:03:03]} Nf6 {[%clk 0:03:03]} 2. Nf3 {[%clk 0:03:04]} e6
{[%clk 0:03:03]} 3. e3 {[%clk 0:03:04]} b6 {[%clk 0:03:01]} 4. Bd3
{[%clk 0:03:05]} Bb7 {[%clk 0:03:01]} 5. c4 {[%clk 0:03:06]} d5 {[%clk 0:03:01]}
6. cxd5 {[%clk 0:03:06]} exd5 {[%clk 0:03:01]} 7. O-O {[%clk 0:03:07]} Bd6
{[%clk 0:03:01]} 8. b4 {[%clk 0:03:08]} a6 {[%clk 0:02:53]} 9. Qb3
{[%clk 0:03:01]} O-O {[%clk 0:02:50]} 10. a4 {[%clk 0:02:46]} c6 {[%clk 0:02:24]}
11. Nc3 {[%clk 0:02:34]} Nbd7 {[%clk 0:02:21]} 12. a5 {[%clk 0:02:32]} b5
{[%clk 0:02:16]} 13. e4 {[%clk 0:02:17]} dxe4 {[%clk 0:02:14]} 14. Nxe4
{[%clk 0:02:18]} Nxe4 15. Bxe4 h6 {[%clk 0:02:11]} 16. Bd2 {[%clk 0:02:07]} Nf6
{[%clk 0:02:00]} 17. Bd3 {[%clk 0:01:36]} Re8 {[%clk 0:01:57]} 18. Rfe1
{[%clk 0:01:37]} Qc7 {[%clk 0:01:54]} 19. h3 {[%clk 0:01:28]} Rad8
{[%clk 0:01:50]} 20. Rac1 {[%clk 0:01:18]} Bc8 {[%clk 0:01:37]} 21. Qc3
{[%clk 0:00:43]} Rxe1+ {[%clk 0:01:24]} 22. Rxe1 {[%clk 0:00:44]} Nd5
{[%clk 0:01:11]} 23. Qb2 {[%clk 0:00:41]} Be6 {[%clk 0:01:07]} 24. Ne5
{[%clk 0:00:41]} Re8 {[%clk 0:00:59]} 25. Bb1 {[%clk 0:00:42]} Nf6
{[%clk 0:00:51]} 26. Qc1 {[%clk 0:00:42]} Bf8 {[%clk 0:00:26]} 27. Qxc6
{[%clk 0:00:33]} Qxc6 {[%clk 0:00:26]} 28. Nxc6 {[%clk 0:00:34]} Rc8
{[%clk 0:00:27]} 29. Ne5 {[%clk 0:00:33]} Nd5 {[%clk 0:00:27]} 30. Nd3
{[%clk 0:00:32]} Nc3 {[%clk 0:00:21]} 31. Nc5 {[%clk 0:00:27]} Nxb1
{[%clk 0:00:14]} 32. Rxb1 {[%clk 0:00:28]} Bf5 {[%clk 0:00:08]} 33. Re1
{[%clk 0:00:28]} Rd8 {[%clk 0:00:08]} 34. Bc3 {[%clk 0:00:29]} Bc8
{[%clk 0:00:09]} 35. f3 {[%clk 0:00:26]} f6 {[%clk 0:00:10]} 36. Kf2
{[%clk 0:00:27]} Kf7 {[%clk 0:00:11]} 37. g4 {[%clk 0:00:27]} Bd6
{[%clk 0:00:11]} 38. h4 {[%clk 0:00:24]} h5 {[%clk 0:00:10]} 39. g5
{[%clk 0:00:13]} fxg5 40. hxg5 h4 {[%clk 0:00:11]} 41. Ne4 {[%clk 0:00:16]} Bf4
{[%clk 0:00:11]} 42. Rh1 {[%clk 0:00:17]} h3 {[%clk 0:00:10]} 43. Ke2
{[%clk 0:00:13]} Kg6 {[%clk 0:00:11]} 44. Kd3 {[%clk 0:00:09]} Bf5
{[%clk 0:00:11]} 45. Bd2 {[%clk 0:00:08]} Bb8 {[%clk 0:00:10]} 46. Be3
{[%clk 0:00:09]} h2 {[%clk 0:00:09]} 47. Ke2 {[%clk 0:00:10]} Re8
{[%clk 0:00:09]} 48. Kd3 {[%clk 0:00:06]} Bh3 {[%clk 0:00:08]} 49. Nf2
{[%clk 0:00:05]} Bg2 {[%clk 0:00:09]} 50. Rc1 {[%clk 0:00:07]} Rh8
{[%clk 0:00:07]} 51. Nh1 {[%clk 0:00:07]} Rf8 {[%clk 0:00:06]} 52. d5
{[%clk 0:00:00]} Rxf3 {[%clk 0:00:06]} 53. Ke2 {[%clk 0:00:00]} 0-1

[Event "M.Botvinnik Memorial 2012 Blitz"]
[Site "St. Petersburg"]
[Date "2012.08.24"]
[Round "7.2"]
[White "Timofeev, Artyom"]
[Black "Popov, Valerij"]
[Result "1-0"]
[LiveChessVersion "1.3.1"]
[BlackElo "2557"]
[WhiteElo "2639"]

1. c4 {[%clk 0:03:03]} e5 {[%clk 0:03:03]} 2. d3 {[%clk 0:03:02]} g6
{[%clk 0:02:56]} 3. Nc3 {[%clk 0:03:01]} Bg7 {[%clk 0:02:56]} 4. g3
{[%clk 0:03:01]} h5 {[%clk 0:02:21]} 5. Nf3 {[%clk 0:02:55]} c6 {[%clk 0:02:12]}
6. Bg2 {[%clk 0:02:40]} Ne7 {[%clk 0:02:12]} 7. d4 {[%clk 0:02:21]} exd4
{[%clk 0:02:06]} 8. Nxd4 {[%clk 0:02:21]} h4 {[%clk 0:02:03]} 9. O-O
{[%clk 0:02:14]} hxg3 {[%clk 0:02:02]} 10. hxg3 {[%clk 0:02:14]} Qa5
{[%clk 0:01:50]} 11. e4 {[%clk 0:01:58]} Qc5 {[%clk 0:01:48]} 12. Be3
{[%clk 0:01:29]} Qxc4 {[%clk 0:01:49]} 13. Re1 {[%clk 0:01:29]} Qb4
{[%clk 0:01:47]} 14. Qd2 {[%clk 0:01:27]} Qa5 {[%clk 0:01:39]} 15. Bf4
{[%clk 0:01:13]} Qh5 {[%clk 0:01:29]} 16. Bd6 {[%clk 0:01:12]} b6
{[%clk 0:01:17]} 17. Nf5 {[%clk 0:01:09]} gxf5 {[%clk 0:01:08]} 18. exf5
{[%clk 0:01:09]} Qh2+ {[%clk 0:01:10]} 19. Kf1 {[%clk 0:01:07]} Ba6+
{[%clk 0:01:11]} 20. Ne2 {[%clk 0:01:04]} Nxf5 {[%clk 0:00:54]} 21. Ba3
{[%clk 0:00:50]} Nd4 {[%clk 0:00:25]} 22. Qe3+ {[%clk 0:00:36]} Ne6
{[%clk 0:00:17]} 23. f4 {[%clk 0:00:36]} Kd8 {[%clk 0:00:16]} 24. Kf2
{[%clk 0:00:35]} Qh6 {[%clk 0:00:16]} 25. Rad1 {[%clk 0:00:32]} Kc8
{[%clk 0:00:16]} 26. Nc3 {[%clk 0:00:32]} Bxc3 {[%clk 0:00:13]} 27. Qxc3
{[%clk 0:00:31]} Qg7 {[%clk 0:00:14]} 28. Re5 {[%clk 0:00:29]} Rg8
{[%clk 0:00:12]} 29. Bd6 {[%clk 0:00:19]} Bb7 {[%clk 0:00:13]} 30. f5
{[%clk 0:00:17]} Nc7 {[%clk 0:00:13]} 31. Rde1 {[%clk 0:00:09]} Qg5
{[%clk 0:00:14]} 32. Qd3 {[%clk 0:00:05]} Nba6 {[%clk 0:00:15]} 33. b4
{[%clk 0:00:06]} Nb5 {[%clk 0:00:16]} 34. Be7 {[%clk 0:00:06]} Qg4
{[%clk 0:00:16]} 35. Rd1 {[%clk 0:00:06]} d5 {[%clk 0:00:17]} 36. f6
{[%clk 0:00:05]} Nac7 {[%clk 0:00:18]} 37. Rh1 {[%clk 0:00:05]} Ne6
{[%clk 0:00:19]} 38. Bh3 {[%clk 0:00:06]} Qg6 {[%clk 0:00:20]} 39. Qxg6 Rxg6 40.
Rxe6 {[%clk 0:00:07]} fxe6 {[%clk 0:00:23]} 41. Bxe6+ {[%clk 0:00:08]} Kc7
{[%clk 0:00:25]} 42. Rh7 {[%clk 0:00:09]} Nd4 {[%clk 0:00:25]} 43. Bc5+
{[%clk 0:00:09]} Kd8 {[%clk 0:00:27]} 44. Bxd4 {[%clk 0:00:09]} c5
{[%clk 0:00:27]} 45. Be5 {[%clk 0:00:10]} d4 {[%clk 0:00:28]} 46. Rh8+
{[%clk 0:00:11]} 1-0

[Event "M.Botvinnik Memorial 2012 Blitz"]
[Site "St. Petersburg"]
[Date "2012.08.24"]
[Round "7.3"]
[White "Khismatullin, Denis"]
[Black "Andriasian, Zaven"]
[Result "1/2-1/2"]
[LiveChessVersion "1.3.1"]
[BlackElo "2616"]
[WhiteElo "2607"]

1. d4 {[%clk 0:03:03]} Nf6 {[%clk 0:03:03]} 2. c4 {[%clk 0:03:04]} g6
{[%clk 0:03:04]} 3. g3 {[%clk 0:03:04]} c5 {[%clk 0:03:02]} 4. d5
{[%clk 0:03:04]} Bg7 {[%clk 0:02:59]} 5. Nc3 {[%clk 0:03:05]} O-O
{[%clk 0:02:59]} 6. Nf3 {[%clk 0:03:06]} e6 {[%clk 0:02:58]} 7. Bg2
{[%clk 0:03:06]} exd5 {[%clk 0:02:57]} 8. cxd5 {[%clk 0:03:06]} d6
{[%clk 0:02:46]} 9. O-O {[%clk 0:03:05]} Re8 {[%clk 0:02:47]} 10. Bf4
{[%clk 0:02:53]} a6 {[%clk 0:02:48]} 11. a4 {[%clk 0:02:49]} Qe7 {[%clk 0:02:41]}
12. Re1 {[%clk 0:02:37]} Nbd7 {[%clk 0:02:42]} 13. h3 {[%clk 0:02:34]} Nh5
{[%clk 0:02:39]} 14. Bg5 {[%clk 0:02:30]} Bf6 {[%clk 0:02:40]} 15. Bxf6
{[%clk 0:02:21]} Qxf6 {[%clk 0:02:35]} 16. e4 {[%clk 0:02:18]} Rb8
{[%clk 0:02:34]} 17. a5 {[%clk 0:01:48]} b5 {[%clk 0:02:34]} 18. axb6
{[%clk 0:01:49]} Rxb6 {[%clk 0:02:34]} 19. Ra2 {[%clk 0:01:38]} Rb4
{[%clk 0:02:33]} 20. Qd2 {[%clk 0:01:33]} Nb6 {[%clk 0:02:33]} 21. Kh2
{[%clk 0:01:08]} Nc4 {[%clk 0:02:34]} 22. Qc1 {[%clk 0:01:05]} Bd7
{[%clk 0:02:30]} 23. Nd1 {[%clk 0:00:59]} a5 {[%clk 0:02:22]} 24. b3
{[%clk 0:00:43]} Nb6 {[%clk 0:02:23]} 25. Rxa5 {[%clk 0:00:44]} Rxb3
{[%clk 0:02:24]} 26. Ra3 {[%clk 0:00:31]} Rb4 {[%clk 0:02:23]} 27. e5
{[%clk 0:00:30]} dxe5 {[%clk 0:02:23]} 28. Qxc5 {[%clk 0:00:30]} Rc4
{[%clk 0:02:23]} 29. Qe3 {[%clk 0:00:26]} e4 {[%clk 0:02:09]} 30. Nd2
{[%clk 0:00:23]} Nxd5 {[%clk 0:02:02]} 31. Qa7 {[%clk 0:00:22]} Rc7
{[%clk 0:02:00]} 32. Qa5 {[%clk 0:00:23]} Qd4 {[%clk 0:01:04]} 33. Nxe4
{[%clk 0:00:18]} Rc1 {[%clk 0:00:56]} 34. Ne3 {[%clk 0:00:08]} Rxe1
{[%clk 0:00:42]} 35. Qxe1 {[%clk 0:00:09]} Nxe3 {[%clk 0:00:39]} 36. Rxe3
{[%clk 0:00:08]} 1/2-1/2

[Event "M.Botvinnik Memorial 2012 Blitz"]
[Site "St. Petersburg"]
[Date "2012.08.24"]
[Round "7.4"]
[White "Ponkratov, Pavel"]
[Black "Tiviakov, Sergei"]
[Result "0-1"]
[LiveChessVersion "1.3.1"]
[BlackElo "2674"]
[WhiteElo "2587"]

1. e4 {[%clk 0:03:03]} d5 {[%clk 0:03:03]} 2. exd5 {[%clk 0:03:03]} Qxd5
{[%clk 0:03:04]} 3. Nc3 {[%clk 0:02:58]} Qd6 4. d4 Nf6 {[%clk 0:03:06]} 5. Nf3
{[%clk 0:03:00]} c6 {[%clk 0:03:08]} 6. Ne5 {[%clk 0:03:02]} Nbd7
{[%clk 0:03:09]} 7. Nc4 {[%clk 0:03:03]} Qc7 {[%clk 0:03:10]} 8. Qf3
{[%clk 0:03:04]} Nb6 {[%clk 0:03:10]} 9. Bf4 {[%clk 0:03:05]} Qd8
{[%clk 0:03:08]} 10. Ne5 {[%clk 0:03:06]} Be6 {[%clk 0:03:05]} 11. O-O-O
{[%clk 0:02:51]} g6 {[%clk 0:02:46]} 12. d5 {[%clk 0:01:52]} Nfxd5
{[%clk 0:02:46]} 13. Nxd5 {[%clk 0:01:20]} Bxd5 {[%clk 0:02:45]} 14. Qe3
{[%clk 0:00:55]} Qc8 {[%clk 0:02:41]} 15. c4 {[%clk 0:00:56]} Be6
{[%clk 0:02:42]} 16. Bh6 {[%clk 0:00:57]} f6 {[%clk 0:02:36]} 17. Nf3
{[%clk 0:00:48]} Bxc4 {[%clk 0:02:18]} 18. Bxf8 {[%clk 0:00:28]} Rxf8
{[%clk 0:02:10]} 19. Bxc4 {[%clk 0:00:27]} Nxc4 {[%clk 0:02:10]} 20. Qe4
{[%clk 0:00:27]} Nb6 {[%clk 0:02:04]} 21. Nd4 {[%clk 0:00:28]} Kf7
{[%clk 0:01:54]} 22. Rhe1 {[%clk 0:00:29]} e5 {[%clk 0:01:54]} 23. Qh4
{[%clk 0:00:19]} Kg7 {[%clk 0:01:49]} 24. f4 {[%clk 0:00:19]} Re8
{[%clk 0:00:46]} 25. fxe5 {[%clk 0:00:20]} fxe5 {[%clk 0:00:46]} 26. Rf1
{[%clk 0:00:12]} Qc7 {[%clk 0:00:36]} 27. Nf3 {[%clk 0:00:10]} h6
{[%clk 0:00:30]} 28. Qg4 {[%clk 0:00:08]} Qc8 {[%clk 0:00:25]} 29. Qg3
{[%clk 0:00:08]} Qe6 {[%clk 0:00:19]} 30. Nh4 {[%clk 0:00:07]} Kh7
{[%clk 0:00:20]} 31. Rde1 {[%clk 0:00:06]} e4 {[%clk 0:00:13]} 32. Rf4
{[%clk 0:00:06]} Qc4+ {[%clk 0:00:11]} 33. Kb1 {[%clk 0:00:06]} Qd3+
{[%clk 0:00:11]} 34. Qxd3 {[%clk 0:00:07]} exd3 {[%clk 0:00:12]} 35. Rd1
{[%clk 0:00:09]} g5 {[%clk 0:00:11]} 36. Rf7+ {[%clk 0:00:08]} Kg8
{[%clk 0:00:12]} 37. Rxb7 {[%clk 0:00:09]} gxh4 {[%clk 0:00:12]} 38. Rxd3
{[%clk 0:00:10]} Nd5 {[%clk 0:00:13]} 39. Rd4 {[%clk 0:00:11]} Re7
{[%clk 0:00:14]} 40. Rb3 {[%clk 0:00:10]} Kh7 {[%clk 0:00:13]} 41. Rxh4
{[%clk 0:00:11]} Rg8 {[%clk 0:00:15]} 42. g3 {[%clk 0:00:11]} Re2
{[%clk 0:00:14]} 43. a3 {[%clk 0:00:12]} Rg7 {[%clk 0:00:14]} 44. Rb8
{[%clk 0:00:13]} Nf6 {[%clk 0:00:12]} 45. Rc4 {[%clk 0:00:14]} Rxh2
{[%clk 0:00:13]} 46. Rxc6 {[%clk 0:00:15]} Ne4 {[%clk 0:00:13]} 47. Rcc8
{[%clk 0:00:13]} Nxg3 {[%clk 0:00:13]} 48. Rh8+ {[%clk 0:00:14]} Kg6
{[%clk 0:00:15]} 49. Rbd8 {[%clk 0:00:12]} Ne4 {[%clk 0:00:15]} 50. Rd4
{[%clk 0:00:13]} Nf6 {[%clk 0:00:16]} 51. Rd6 {[%clk 0:00:14]} Rf2
{[%clk 0:00:16]} 52. Rd3 {[%clk 0:00:13]} h5 {[%clk 0:00:16]} 53. a4
{[%clk 0:00:15]} Rf4 {[%clk 0:00:16]} 54. b3 {[%clk 0:00:16]} h4 {[%clk 0:00:16]}
55. Kb2 {[%clk 0:00:17]} Rg4 {[%clk 0:00:17]} 56. Ka3 {[%clk 0:00:17]} Kg5
{[%clk 0:00:17]} 57. Rc3 {[%clk 0:00:18]} Rh7 {[%clk 0:00:15]} 58. Rc5+
{[%clk 0:00:19]} Kg6 {[%clk 0:00:16]} 59. Rd8 {[%clk 0:00:14]} h3
{[%clk 0:00:17]} 0-1

[Event "M.Botvinnik Memorial 2012 Blitz"]
[Site "St. Petersburg"]
[Date "2012.08.24"]
[Round "7.5"]
[White "Maslak, Konstantin"]
[Black "Matlakov, Maxim"]
[Result "0-1"]
[LiveChessVersion "1.3.1"]
[BlackElo "2663"]
[WhiteElo "2566"]

1. e4 {[%clk 0:03:02]} e5 {[%clk 0:02:59]} 2. Nf3 {[%clk 0:03:03]} Nc6
{[%clk 0:03:01]} 3. Bb5 {[%clk 0:03:04]} a6 {[%clk 0:03:02]} 4. Ba4
{[%clk 0:03:05]} Nf6 {[%clk 0:03:02]} 5. d3 {[%clk 0:03:04]} d6 {[%clk 0:03:02]}
6. O-O {[%clk 0:03:04]} Be7 {[%clk 0:03:03]} 7. c3 {[%clk 0:03:05]} O-O
{[%clk 0:03:02]} 8. Re1 {[%clk 0:03:06]} b5 {[%clk 0:03:00]} 9. Bc2
{[%clk 0:03:07]} d5 {[%clk 0:03:01]} 10. Nbd2 {[%clk 0:03:03]} dxe4
{[%clk 0:03:01]} 11. dxe4 {[%clk 0:02:54]} Be6 {[%clk 0:03:03]} 12. Bb3
{[%clk 0:02:23]} Bxb3 {[%clk 0:02:40]} 13. axb3 {[%clk 0:02:02]} Qd3
{[%clk 0:02:25]} 14. Qe2 {[%clk 0:01:55]} Qxe2 {[%clk 0:02:16]} 15. Rxe2
{[%clk 0:01:57]} Rfd8 {[%clk 0:02:10]} 16. Re1 {[%clk 0:01:54]} Nd7
{[%clk 0:02:02]} 17. b4 {[%clk 0:01:42]} a5 {[%clk 0:02:01]} 18. bxa5
{[%clk 0:01:42]} Rxa5 {[%clk 0:01:55]} 19. Rb1 {[%clk 0:01:25]} Ra2
{[%clk 0:01:45]} 20. Nb3 {[%clk 0:01:21]} Nb6 {[%clk 0:01:37]} 21. Kf1
{[%clk 0:01:13]} Na4 {[%clk 0:01:26]} 22. h3 {[%clk 0:00:50]} f6 {[%clk 0:01:27]}
23. Re2 {[%clk 0:00:33]} b4 {[%clk 0:00:59]} 24. c4 {[%clk 0:00:13]} Rd3
{[%clk 0:00:59]} 25. Re3 {[%clk 0:00:08]} Rxe3 {[%clk 0:00:55]} 26. fxe3
{[%clk 0:00:09]} Nd8 {[%clk 0:00:42]} 27. Ne1 {[%clk 0:00:10]} Nb7
{[%clk 0:00:37]} 28. Nd3 {[%clk 0:00:09]} Kf7 {[%clk 0:00:35]} 29. Bd2
{[%clk 0:00:06]} Nac5 {[%clk 0:00:24]} 30. Nbxc5 {[%clk 0:00:05]} Nxc5
{[%clk 0:00:25]} 31. Nxc5 {[%clk 0:00:00]} 0-1

[Event "M.Botvinnik Memorial 2012 Blitz"]
[Site "St. Petersburg"]
[Date "2012.08.24"]
[Round "7.6"]
[White "Grigoryan, Avetik"]
[Black "Dvoirys, Semen I."]
[Result "0-1"]
[LiveChessVersion "1.3.1"]
[BlackElo "2545"]
[WhiteElo "2626"]

1. e4 {[%clk 0:03:03]} c5 {[%clk 0:03:03]} 2. Nf3 {[%clk 0:03:04]} d6
{[%clk 0:03:03]} 3. c3 {[%clk 0:03:05]} Nf6 {[%clk 0:03:03]} 4. Bd3
{[%clk 0:03:04]} Nc6 {[%clk 0:03:02]} 5. Bc2 {[%clk 0:03:03]} Bg4
{[%clk 0:03:01]} 6. h3 {[%clk 0:03:02]} Bh5 {[%clk 0:02:59]} 7. d3
{[%clk 0:03:02]} e6 {[%clk 0:02:59]} 8. Nbd2 {[%clk 0:03:02]} d5 {[%clk 0:02:39]}
9. Qe2 {[%clk 0:02:58]} Be7 {[%clk 0:02:39]} 10. Nf1 {[%clk 0:02:46]} Ne5
{[%clk 0:02:26]} 11. Ng3 {[%clk 0:02:35]} Nxf3+ {[%clk 0:02:22]} 12. gxf3
{[%clk 0:02:35]} Bg6 {[%clk 0:02:21]} 13. f4 {[%clk 0:02:36]} h6 {[%clk 0:02:08]}
14. Bd2 {[%clk 0:02:16]} Qd7 {[%clk 0:02:06]} 15. e5 {[%clk 0:01:39]} Ng8
{[%clk 0:02:01]} 16. Nh5 {[%clk 0:01:15]} Bxh5 {[%clk 0:01:51]} 17. Qxh5
{[%clk 0:01:16]} g6 {[%clk 0:01:52]} 18. Qf3 {[%clk 0:01:17]} h5 {[%clk 0:01:52]}
19. c4 {[%clk 0:01:16]} O-O-O {[%clk 0:01:34]} 20. Ba5 {[%clk 0:00:46]} b6
{[%clk 0:01:29]} 21. Bc3 {[%clk 0:00:46]} Kb8 {[%clk 0:01:25]} 22. O-O-O
{[%clk 0:00:44]} d4 {[%clk 0:01:12]} 23. Bd2 {[%clk 0:00:46]} Nh6
{[%clk 0:01:14]} 24. a3 {[%clk 0:00:46]} Nf5 {[%clk 0:01:14]} 25. b4
{[%clk 0:00:43]} Rc8 {[%clk 0:01:11]} 26. Kb2 {[%clk 0:00:43]} Rc7
{[%clk 0:01:00]} 27. Rb1 {[%clk 0:00:44]} Qc6 {[%clk 0:00:59]} 28. Qe2
{[%clk 0:00:43]} Ka8 {[%clk 0:00:57]} 29. Ka2 {[%clk 0:00:44]} b5
{[%clk 0:00:44]} 30. cxb5 {[%clk 0:00:31]} Qxb5 {[%clk 0:00:44]} 31. Bb3
{[%clk 0:00:31]} cxb4 {[%clk 0:00:40]} 32. Bc4 {[%clk 0:00:33]} Qa4
{[%clk 0:00:38]} 33. Bxb4 {[%clk 0:00:29]} Rb8 {[%clk 0:00:33]} 34. Bxe7
{[%clk 0:00:21]} Nxe7 {[%clk 0:00:31]} 35. Rhc1 {[%clk 0:00:15]} Rxb1
{[%clk 0:00:29]} 36. Rxb1 {[%clk 0:00:15]} Qc6 {[%clk 0:00:29]} 37. Bb5
{[%clk 0:00:16]} Qc2+ {[%clk 0:00:29]} 38. Rb2 {[%clk 0:00:12]} Qxe2
{[%clk 0:00:26]} 39. Rxe2 {[%clk 0:00:13]} Nd5 {[%clk 0:00:27]} 40. Kb3
{[%clk 0:00:04]} Rb7 {[%clk 0:00:27]} 41. Kc4 {[%clk 0:00:04]} Rxb5
{[%clk 0:00:28]} 42. Kxd4 {[%clk 0:00:03]} Rb3 {[%clk 0:00:29]} 43. Rc2
{[%clk 0:00:04]} Kb7 {[%clk 0:00:30]} 44. a4 {[%clk 0:00:05]} Rb4+
{[%clk 0:00:30]} 45. Kc5 {[%clk 0:00:06]} Rxf4 {[%clk 0:00:30]} 46. Kd6
{[%clk 0:00:08]} Rxa4 {[%clk 0:00:30]} 47. Kd7 {[%clk 0:00:09]} Rd4
{[%clk 0:00:31]} 48. Ke8 {[%clk 0:00:10]} Rxd3 {[%clk 0:00:31]} 49. Kxf7
{[%clk 0:00:11]} Nf4 {[%clk 0:00:31]} 50. h4 {[%clk 0:00:11]} Rf3
{[%clk 0:00:32]} 51. Ke7 {[%clk 0:00:12]} a5 {[%clk 0:00:32]} 52. Kd6
{[%clk 0:00:12]} a4 {[%clk 0:00:33]} 53. Rb2+ {[%clk 0:00:13]} Ka6
{[%clk 0:00:34]} 54. Kc6 {[%clk 0:00:15]} Rc3+ {[%clk 0:00:35]} 55. Kd6
{[%clk 0:00:16]} a3 56. Rb8 Ka5 {[%clk 0:00:37]} 57. f3 {[%clk 0:00:15]} Ka4
{[%clk 0:00:37]} 58. Ra8+ {[%clk 0:00:16]} Kb3 59. Rb8+ Kc2 {[%clk 0:00:39]} 60.
Ra8 {[%clk 0:00:19]} Kb2 {[%clk 0:00:41]} 61. Ke7 {[%clk 0:00:20]} a2
{[%clk 0:00:42]} 62. Kf6 {[%clk 0:00:21]} Ra3 {[%clk 0:00:42]} 63. Rb8+
{[%clk 0:00:23]} Kc2 {[%clk 0:00:42]} 64. Kg5 {[%clk 0:00:24]} a1=Q
{[%clk 0:00:43]} 65. Rc8+ {[%clk 0:00:24]} Kd2 {[%clk 0:00:43]} 66. Rb8
{[%clk 0:00:25]} Qxe5+ 67. Kh6 Qxb8 {[%clk 0:00:43]} 68. Kg5 {[%clk 0:00:28]}
Qe5+ 69. Kh6 Ra8 {[%clk 0:00:44]} 0-1

[Event "M.Botvinnik Memorial 2012 Blitz"]
[Site "St. Petersburg"]
[Date "2012.08.24"]
[Round "7.7"]
[White "Bukavshin, Ivan"]
[Black "Pridorozhni, Aleksei"]
[Result "1/2-1/2"]
[LiveChessVersion "1.3.1"]
[BlackElo "2542"]
[WhiteElo "2609"]

1. Nf3 d5 2. c4 c6 3. e3 Nf6 4. Nc3 a6 5. d4 Bg4 6. h3 Bxf3 7. Qxf3 e6 8. Bd3 b5
9. c5 a5 10. O-O Be7 11. Qg3 g6 12. Qh2 Nbd7 13. f4 h5 14. g3 Ng8 15. e4 dxe4 16.
Bxe4 Rc8 17. Qg2 Qc7 18. Re1 Ngf6 19. Bf3 b4 20. Nd1 Nd5 21. Bxd5 cxd5 22. Nf2
Nb8 23. Nd3 Nc6 24. Be3 f5 25. Bf2 Kf7 26. h4 Bf6 27. Ne5+ Bxe5 28. fxe5 g5 29.
hxg5 Kg6 30. Be3 Qb7 31. Qe2 b3 32. a3 a4 33. Rf1 Na5 34. Rae1 Nc4 35. Bc1 Qb5
36. Kg2 Rh7 37. Rh1 Rf8 38. Rh4 Rfh8 39. Qf3 Na5 40. Qf1 Qxf1+ 41. Kxf1 Nc4 42.
Ke2 Rc8 43. Kd3 Rg8 44. Kc3 Rf8 45. Reh1 Rb8 46. Bf4 Na5 47. Be3 Nc6 48. Bf4 Nd8
49. Kd3 Nf7 50. c6 Nd8 51. Rc1 Rc8 1/2-1/2

[Event "M.Botvinnik Memorial 2012 Blitz"]
[Site "St. Petersburg"]
[Date "2012.08.24"]
[Round "7.8"]
[White "Lysyj, Igor"]
[Black "Rozhko, Dmitry"]
[Result "1-0"]
[LiveChessVersion "1.3.1"]
[BlackElo "2388"]
[WhiteElo "2604"]

1. d4 d5 2. c4 c6 3. Nf3 Nf6 4. e3 Bf5 5. Nc3 e6 6. Nh4 Bg4 7. Qb3 Qb6 8. h3 Bh5
9. g4 Bg6 10. Nxg6 hxg6 11. Bg2 Be7 12. g5 Nfd7 13. h4 Na6 14. Bd2 Qb4 15. c5
Qxb3 16. axb3 e5 17. Ke2 Nc7 18. b4 a6 19. f4 exd4 20. exd4 Ne6 21. Kd3 O-O 22.
h5 gxh5 23. Rxh5 g6 24. Rh6 Kg7 25. Bh3 Rh8 26. Re1 Ndf8 27. Rxh8 Kxh8 28. Ne2
Kg7 29. Ng1 Bd8 30. Nf3 Bc7 31. Ne5 Bxe5 32. Rxe5 Re8 33. Bg4 Nd7 34. Re2 Ndf8
35. Bh3 f6 36. gxf6+ Kxf6 37. Bg4 Re7 38. Rh2 Rh7 39. Rxh7 Nxh7 40. Ke3 g5 41.
fxg5+ Nhxg5 42. Be1 Ne4 43. Bh4+ Kf7 44. Bf3 N6g5 45. Bg4 Ne6 46. Bf5 N4g5 47.
Bxg5 Nxg5 48. Kf4 Ne6+ 49. Ke5 Nd8 50. Kd6 Kf6 51. Bc8 Kg5 52. Kc7 Nf7 53. Bxb7
Kf4 54. Bxc6 Ke4 55. Be8 Ng5 56. Kb7 Kxd4 57. Kxa6 Ne6 58. Kb6 Kc4 59. c6 Kxb4
60. Bf7 Nc5 61. Bxd5 Na4+ 62. Kb7 Nc5+ 63. Kb6 Nb7 64. Kc5+ Nxc5 1-0

[Event "M.Botvinnik Memorial 2012 Blitz"]
[Site "St. Petersburg"]
[Date "2012.08.24"]
[Round "7.9"]
[White "Anisimov, Pavel"]
[Black "Maletin, Pavel"]
[Result "0-1"]
[LiveChessVersion "1.3.1"]
[BlackElo "2600"]
[WhiteElo "2541"]

1. d4 Nf6 2. Bg5 d5 3. Nd2 Nbd7 4. e3 e6 5. Bd3 c5 6. c3 h6 7. Bxf6 Qxf6 8. f4 g5
9. Ne2 gxf4 10. Nxf4 Bd6 11. O-O Qg5 12. Nf3 Qe7 13. Nh5 f5 14. c4 dxc4 15. Bxc4
Nb6 16. Be2 O-O 17. Kh1 Nd5 18. Qd2 cxd4 19. Nxd4 Nf6 20. Nxf6+ Qxf6 21. e4 Be5
22. Nf3 Bxb2 23. Rab1 Bc3 24. Qe3 f4 25. Qc5 b6 26. Qc6 Rb8 27. Rfc1 Bb2 28. Rc2
Be5 29. Rb5 Bb7 30. Qd7 Rfd8 31. Qxd8+ 0-1

[Event "M.Botvinnik Memorial 2012 Blitz"]
[Site "St. Petersburg"]
[Date "2012.08.24"]
[Round "7.10"]
[White "Hovhannisyan, Robert"]
[Black "Zubritskiy, Artyom"]
[Result "1-0"]
[LiveChessVersion "1.3.1"]
[BlackElo "2320"]
[WhiteElo "2587"]

1. e4 c5 2. Nf3 d6 3. d4 cxd4 4. Nxd4 Nf6 5. Nc3 a6 6. Be3 e6 7. Be2 Be7 8. O-O
Qc7 9. f4 Nbd7 10. a4 b6 11. Bf3 Bb7 12. Nb3 O-O 13. Qd3 Rfd8 14. Rad1 Bc6 15.
Qc4 Qb7 16. Nd4 Rac8 17. Nxc6 Rxc6 18. e5 Rxc4 19. Bxb7 dxe5 20. Bxa6 Rb4 21. b3
Ng4 22. Bd2 Nb8 23. Bc4 Bc5+ 24. Kh1 Nf2+ 25. Rxf2 Bxf2 26. fxe5 Nc6 27. Ne4 Be3
28. c3 Rxc4 29. bxc4 Nxe5 30. c5 1-0